000 00291nam a22001337a 4500
008 181022b xxu||||| |||| 00| 0 eng d
020 _a721623670
041 _aeng
080 _a617
100 _a6
101 _aANE
245 _aAnesthesia and Uncommon Diseases
_cKatz
942 _2udc
_cBK
999 _c50470
_d50470